Historia universal siglo XXI
Guardat en:
| Format: | Llibre |
|---|---|
| Idioma: | espanyol |
| Publicat: |
Ciudad de México, México
Siglo veintiuno
1988
|
| Edició: | Octava edición |
| Matèries: | |
| Etiquetes: |
Afegir etiqueta
Sense etiquetes, Sigues el primer a etiquetar aquest registre!
|
MARC
| LEADER | 00000cam a2200000 a 4500 | ||
|---|---|---|---|
| 001 | UCP4818 | ||
| 003 | CL-VaPUC | ||
| 005 | 20241025112420.0 | ||
| 008 | 990813e19880000MX |||||||||||||||||spa|d | ||
| 999 | |c 282715 |d 282713 | ||
| 020 | |a 9682300096o.c | ||
| 020 | |a 9682309530v.25 | ||
| 040 | |c Pontificia Universidad Católica de Valparaíso | ||
| 082 | 0 | 4 | |a 909 HIS 1988 |2 21 |
| 245 | 1 | 0 | |a Historia universal siglo XXI |
| 250 | |a Octava edición | ||
| 260 | |a Ciudad de México, México |b Siglo veintiuno |c 1988 | ||
| 300 | |a volúmenes | ||
| 500 | |a v.1: Prehistoria | ||
| 500 | |a v.2 t.1: Los imperios del antiguo Oriente. Del Paleolítico a la mitad del segundo milenio | ||
| 500 | |a v.3 t.2: Los imperios del Antiguo Oriente. El fin del segundo milenio | ||
| 500 | |a v.4 t.3: Los imperios del antiguo oriente. La primera mitad del primer milenio | ||
| 500 | |a v.5: Griegos y persas. El mundo mediterráneo en la Edad Antigua I | ||
| 500 | |a v.6: El helenismo y el auge de Roma. El mundo mediterráneo en la Edad Antigua II | ||
| 500 | |a v.7: La formación del Imperio romano. El mundo mediterráneo en la Edad Antigua III | ||
| 500 | |a v.8: El imperio romano y sus pueblos limítrofes. El mundo mediterráneo en la Edad Antigua IV | ||
| 500 | |a v.9: Las transformaciones del mundo mediterráneo. Siglos III-VIII | ||
| 500 | |a v.10: La Alta Edad Media | ||
| 500 | |a v.11: La Baja Edad Media | ||
| 500 | |a v.12: Los fundamentos del mundo moderno. Edad Media tardía, Renacimiento, Reforma | ||
| 500 | |a v.13: Bizancio | ||
| 500 | |a v.14 t.1: El Islam. Desde los orígenes hasta el comienzo del Imperio otomano | ||
| 500 | |a v.15 t.2: El Islam. Desde la caída de Constantinopla hasta nuestros días | ||
| 500 | |a v.16: Asia Central | ||
| 500 | |a v.17: India. Historia del subcontinente desde las culturas del Indo hasta el comienzo del dominio inglés | ||
| 500 | |a v.18: Asia Sudoriental. Antes de la época colonial | ||
| 500 | |a v.19: El Imperio chino | ||
| 500 | |a v.20: El Imperio japonés | ||
| 500 | |a v.21 t.1: América Latina. Antiguas culturas precolombinas | ||
| 500 | |a v.22 t.2: América Latina. La época colonial | ||
| 500 | |a v.23 t.3: América Latina. De la independencia a la segunda guerra mundial | ||
| 500 | |a v.24: Los inicios de la Europa moderna, 1550-1648 | ||
| 500 | |a v.25: La época del absolutismo y la ilustración, 1648-1779 | ||
| 500 | |a v.26: La época de las revoluciones europeas, 1780-1848 | ||
| 500 | |a v.27: La época de la burguesía | ||
| 500 | |a v.28: La época del Imperialismo. Europa, 1885-1913 | ||
| 500 | |a v.29: Los imperios coloniales desde el siglo XVIII | ||
| 500 | |a v.30: Los Estados Unidos de América | ||
| 500 | |a v.31: Rusia | ||
| 500 | |a v.32: Africa. Desde la prehistoria hasta los estados actuales | ||
| 500 | |a v.33: Asia contemporánea | ||
| 500 | |a v.34: El siglo veinte I. 1918-1945 | ||
| 500 | |a v.35 t.1-2: El siglo veinte. 1945-1982 | ||
| 500 | |a v.36: El siglo veinte, III. Problemas mundiales entre los dos bloquesde poder | ||
| 583 | |a last modification |c 20160714 02:27:40 |k Rodrigo Vera | ||
| 650 | 0 | |a Prehistoria |9 316557 | |
| 650 | 7 | |a IMPERIO ANTIGUO ORIENTE |2 CL-VaPUC |9 318980 | |
| 650 | 0 | |a Historia antigua |9 267521 | |
| 650 | 7 | |a GRIEGOS |2 CL-VaPUC |9 318981 | |
| 650 | 7 | |a PERSAS |2 CL-VaPUC |9 318982 | |
| 650 | 0 | |a Historia moderna |9 268036 | |
| 650 | 0 | |a Edad media |9 258041 | |
| 650 | 0 | |a Renacimiento |9 255107 | |
| 650 | 0 | |a Guerras Mundiales |9 318984 | |
| 650 | 0 | |a Absolutismo |9 257456 | |
| 650 | 0 | |a Imperialismo |9 258264 | |
| 650 | 0 | |a Burguesía |9 318985 | |
| 651 | 0 | |a Europa |9 255156 | |
| 651 | 0 | |a América |9 255182 | |
| 651 | 0 | |a Asia |9 268338 | |
| 651 | 0 | |a África |9 256790 | |
| 942 | |c BK |2 ddc | ||
| 945 | |d 19990813 00:00:00 |a lriquelm | ||
| 952 | |0 0 |1 0 |2 ddc |4 0 |6 909_000000000000000_HIS_1988 |7 0 |8 A |9 324892 |a BIBHIS |b BIBHIS |d 2019-11-20 |h v.36 t.3 |i 2886294 |o 909 HIS 1988 |p 2886294 |r 2025-01-20 |t 1 |w 2019-11-20 |y BK |k HIS | ||
| 952 | |0 0 |1 0 |2 ddc |3 erb |4 0 |6 909_000000000000000_HIS_1988 |7 0 |8 A |9 324893 |a FDOHBE |b FDOHBE |e Huesbe Llanos, Marco Antonio, 1934- |h v.25 |i 5308070 |o 909 HIS 1988 |p 5308070 |r 2024-01-30 |t 1 |w 2019-11-20 |y BK |z Catalogado en:20160717 |k HBE | ||